LEADER 01112nam a2200229 4500 001 000000356970 003 CaOOAMICUS 005 20240129144447.0 008 240129s1835 it 000 u ita r 040 $aSeMil$bita 100 1 $aFantonetti, Giovambatista.$0(OLS)http://semarc/name/111839 245 10$aDel cholera vagante nella Liguria coll'indicazione del miglior metodo di cura e di preservamento /$ccenni di Giovambattista Fantonetti. 264 1$aMilano :$bPaolo Andrea Molina,$c1835. 300 $aVIII, 100 p. ;$c23 cm 650 4$aColera - Italia - Sec. 19.$0(OLS)http://semarc/subject/42712 850 $aSeMil 852 $aSeMil$W1$xVenegono$y1$m5C IV 8/30$j245660$B248156$CSeMilBibl$Z2$F248156 $8I 961 $aRecupero da Biblioteca Mantegazza Seminario di Milano 961 $aTimbro della Biblioteca Mantegazza del Seminario di Milano 996 $6245$aDel cholera vagante nella Liguria coll'indicazione del miglior metodo di cura e di preservamento$9(OLS)http://semarc/title/447194 996 $6264$aMilano :$bPaolo Andrea Molina$9(OLS)http://semarc/publisher/36305 LEADER 01826nam a2200349 4500 001 000000343396 003 CaOOAMICUS 005 20201224134144.0 008 201214s2020 it 000 u ita r 020 $a978-88-6153-789-7 040 $aSeMil$bita 245 10$aScatto di famiglia :$bstorie ed emozioni di adolescenti in quarantena /$ca cura di Raffaella Acerbi, Paola Bigatto, Elisa D'Alessandro ; con il contributo di Enza Corrente Sutera, Paolo Di Sacco, Davide Rondoni. 264 1$aMolfetta (BA) :$bLa Meridiana,$c2020. 300 $a206 p. ;$c21 cm 541 0 $aOmaggio mons. Mario Delpini 650 4$aCovid-19 - Testimonianze.$0(OLS)http://semarc/subject/49662 650 4$aAdolescenza.$0(OLS)http://semarc/subject/22483 700 1 $aD'Alessandro, Elisa,$ecuratrice.$0(OLS)http://semarc/name/112636 700 1 $aBigatto, Paola,$ecuratrice.$0(OLS)http://semarc/name/112635 700 1 $aCorrente Sutera, Enza,$eautrice di contributo.$0(OLS)http://semarc/name/112637 700 1 $aRondoni, Davide,$d<1964- >,$eautore di contributo.$0(OLS)http://semarc/name/7286 700 1 $aDi Sacco, Paolo,$eautore di contributo.$0(OLS)http://semarc/name/25644 700 1 $aAcerbi, Raffaella,$ecuratrice.$0(OLS)http://semarc/name/112634 830 0$aPaceinsieme... alle radici dell'erba.$0(OLS)http://semarc/title/432360 850 $aSeMil 852 $aSeMil$W1$xVenegono$y1$m2Q III 532$j223258$B234387$CSeMilBibl$Z2$F234387 $81 941 1 $a7 961 $aOmaggio mons. Mario Delpini 996 $6020$a978-88-6153-789-7$9(OLS)http://semarc/number/291866 996 $6245$aScatto di famiglia :$bstorie ed emozioni di adolescenti in quarantena$9(OLS)http://semarc/title/432359 996 $6264$aMolfetta (BA) :$bLa Meridiana$9(OLS)http://semarc/publisher/32072